King Sturge latest industrial and floorspace figures (Record no. 73864)
[ view plain ]
| 000 -LEADER | |
|---|---|
| fixed length control field | 00976cam a2200205 4500 |
| 001 - CONTROL NUMBER | |
| control field | WB3945-04 |
| 008 - FIXED-LENGTH DATA ELEMENTS--GENERAL INFORMATION | |
| fixed length control field | 031126n2003 000 0 eng u |
| 035 ## - SYSTEM CONTROL NUMBER | |
| System control number | (Sirsi) u124479 |
| 245 ## - TITLE STATEMENT | |
| Title | King Sturge latest industrial and floorspace figures |
| 260 ## - PUBLICATION, DISTRIBUTION, ETC. | |
| Date of publication, distribution, etc. | 2003 |
| 490 ## - SERIES STATEMENT | |
| Series statement | King Sturge Press Release |
| Volume/sequential designation | 21 November 2003, (1) |
| 520 ## - SUMMARY, ETC. | |
| Summary, etc. | King Sturge's Industrial & Distribution Floorspace Today shows that industrial vacancies are rising more slowly than before and in some parts of the country are now stable. Between April and September 2003 availability increased by 1.1% which is the smallest increase in three years. For the King Sturge Press Release: http://www.kingsturge.com/site/docs/pressoffice/newsdisplay.cfm?NID=%24%299S%26KP%20%20%0A |
| 590 ## - LOCAL NOTE (RLIN) | |
| Local note | WB |
| 650 ## - SUBJECT ADDED ENTRY--TOPICAL TERM | |
| Topical term or geographic name entry element | KING STURGE |
| 650 ## - SUBJECT ADDED ENTRY--TOPICAL TERM | |
| Topical term or geographic name entry element | FLOORSPACE |
| 650 ## - SUBJECT ADDED ENTRY--TOPICAL TERM | |
| Topical term or geographic name entry element | DISTRIBUTION SERVICES |
| 650 ## - SUBJECT ADDED ENTRY--TOPICAL TERM | |
| Topical term or geographic name entry element | RENTAL GROWTH |
| 690 ## - LOCAL SUBJECT ADDED ENTRY--TOPICAL TERM (OCLC, RLIN) | |
| Topical term or geographic name as entry element | PROPERTY-COMMERCIAL PROPERTY-COMMERCIAL PROPERTY MARKET |
| 942 ## - ADDED ENTRY ELEMENTS (KOHA) | |
| Suppress in OPAC | 0 |
| Withdrawn status | Lost status | Source of classification or shelving scheme | Damaged status | Not for loan | Home library | Current library | Shelving location | Date acquired | Total Checkouts | Full call number | Barcode | Date last seen | Copy number | Price effective from | Koha item type |
|---|---|---|---|---|---|---|---|---|---|---|---|---|---|---|---|
| Dewey Decimal Classification | London | London | News article | 26/11/2003 | WB3945-04 | 124479-1001 | 06/08/2019 | 1 | 06/08/2019 | News article |